Marketing of food crops and inputs : the case of Funtua Agricultural Development Project in Kaduna State, Nigeria /

Bibliographic Details
Main Author: Ingawa, Salisu Ahmed
Format: Thesis Microform Book
Language:English
Published: [Place of publication not identified] : [publisher not identified] ; 1983.
Subjects:

MARC

Tag First Indicator Second Indicator Subfields
LEADER 00000cam a2200000 a 4500
001 in00000013227
005 20151007052346.0
007 he amb|||||||
008 880510r19841983miua bb 00010 eng d
035 |a (OCoLC)17930025 
035 |9 AAA7441AM 
040 |a TXA  |c TXA  |d UtOrBLW 
043 |a f-nr--- 
049 |a TXAI 
099 |a fiche  |a C  |a 7833 
100 1 |a Ingawa, Salisu Ahmed. 
245 1 0 |a Marketing of food crops and inputs :  |b the case of Funtua Agricultural Development Project in Kaduna State, Nigeria /  |c by Salisu Ahmed Ingawa. 
264 1 |a [Place of publication not identified] :  |b [publisher not identified] ;  |c 1983. 
300 |a xii, 214 leaves :  |b illustrations 
336 |a text  |b txt  |2 rdacontent 
337 |a microform  |b h  |2 rdamedia 
338 |a microfiche  |b he  |2 rdacarrier 
502 |b Ph. D.  |c Michigan State University  |d 1983. 
504 |a Bibliography: leaves 208-214. 
533 |a Microfiche.  |b Ann Arbor, Mich. :  |c University Microfilms International,  |d 1984.  |e 3 microfiches ; 11 x 15 cm. 
500 |a Microform. 
650 0 |a Food crops  |z Nigeria  |z Kaduna State  |x Marketing. 
999 |a MARS 
999 f f |s 68488abf-e81f-3ff2-b56a-368a48694006  |i 3e8c3efc-8c5c-3283-be77-1a98efd487f0  |t 0 
952 f f |p normal  |a Texas A&M University  |b College Station  |c Sterling C. Evans Library  |d Evans: Microforms (3rd floor)  |t 0  |e fiche C 7833  |h Other scheme  |i microform -- microfiche  |m A14822805693 
998 f f |a fiche C 7833  |t 0  |l Evans: Microforms (3rd floor)